000 00624nam a2200181 a 4500
001 9407
003 CO-ViMGA
008 141112s2004 ck r 000 u spa d
040 _aCO-ViMGA
_bspa
_cCO-ViMGA
082 0 4 _a796.41 P739
100 1 _aPock, Karl
_911375
245 1 0 _aGimnasia Básica 1 :
_bUn manual Ilustrado para la enseñanza en los centros Docentes y Clubes
260 _aMadrid :
_bGymnos Editorial,
_c1988
300 _a223p. : il
590 _aEjemplares : 2
650 1 4 _aGIMNASIA, JUEGOS PARA TODOS, EJERCICIOS FISICOS, CUADRO SECO, ESPALDERAS, BANCO SUECO, BARRA DE EQUILIBRIO.
_911376
942 _2ddc
_cBK
999 _c20927
_d20927